000 00644nam a2200253Ia 4500
005 20250425162325.0
008 250425s9999 xx 000 0 und d
020 _a8497323831
041 _aspa
082 _a004.165
100 _aOLIVA HABA, JOSE RAMON
245 0 _aINSTALACION Y MANTENIMIENTO DE EQUIPOS Y SISTEMAS INFORMATICOS
250 _a1A ED.
260 _aEspaƱa
_bPARANINFO : THOMSON
_c2005
260 _aMADRID
300 _a393
650 _aHARDWARE
650 _aMANTENIMIENTO
650 _aPROCESOS DE MONTAJE
650 _aSISTEMAS DE INFORMACION
650 _aSOFTWARE
942 _c01
010 _a62239
999 _c226877
_d226877